000 00710nam a22002177a 4500
005 20140218125431.0
010 _aENG-108546
020 _a9788189643355
_c795.00
035 _aEN-92079
037 _bDBAD/PUB
082 _a302.23450954
245 _aTelevision at large in South Asia /
_cedited by Aswin Punathambekar [and] Shanti Kumar
260 _aNew Delhi
_bRoutledge
_c2013
270 _a912 Tolstoy House, 15-17 Tolostoy Marg, Connaught Place
_bNew Delhi
_e110001
300 _avi, 269p.
_c22cm (Hb)
490 _aSouth Asian history & culture
500 _aIncludes index
700 _aPunathambekar, Aswin
700 _aShanti Kumar
942 _2ddc
_cEN
_mTEL
_h302.23450954
999 _c79403
_d79403